[Event "Guernsey Open 14th"]
[Site "Guernsey"]
[Date "1988.10.17"]
[Round "2"]
[White "Kinsman, Andrew PH"]
[Black "Cullip, Stephen J"]
[Result "1/2-1/2"]
[WhiteElo "2340"]
[BlackElo "2088"]
[PlyCount "64"]
[EventDate "1988.10.16"]
[EventType "swiss"]
[EventRounds "7"]
[EventCountry "GCI"]
[SourceTitle "BritBase"]
[Source "John Saunders"]
[SourceDate "2025.07.03"]
[SourceVersion "1"]
[SourceVersionDate "2025.07.03"]
[SourceQuality "1"]

1. d4 Nf6 2. Nf3 b6 3. c4 e6 4. g3 Ba6 5. Qa4 c6 6. Nc3 b5 7. cxb5 cxb5 8. Nxb5 Qb6 9. e3 Bb7 10. Be2 Bc6 11. Qc4 a6 12. Nc3 Qb7 13. O-O Bxf3 14. Bxf3 Qxf3 15. Qc8+ Ke7 16. e4 h5 17. e5 h4 18. b3 Ne8 19. d5 h3 20. d6+ Nxd6 21. exd6+ Kf6 22. Qd8+ Kg6 23. Qg5+ Kh7 24. Qh4+ Kg8 25. Qe4 Qxc3 26. Qxa8 Qxa1 27. Qxb8 Rh5 28. Bf4 Qc3 29. Rc1 Qf3 30. Qxf8+ Kh7 31. Kf1 Rd5 32. Ke1 Rd4 1/2-1/2

[Event "Guernsey Open 14th"]
[Site "Guernsey"]
[Date "1988.10.17"]
[Round "2"]
[White "Lindner, Jan Joost"]
[Black "Kuijf, Marinus"]
[Result "0-1"]
[WhiteElo "2267"]
[BlackElo "2450"]
[PlyCount "76"]
[EventDate "1988.10.16"]
[EventType "swiss"]
[EventRounds "7"]
[EventCountry "GCI"]
[SourceTitle "BritBase"]
[Source "John Saunders"]
[SourceDate "2025.07.03"]
[SourceVersion "1"]
[SourceVersionDate "2025.07.03"]
[SourceQuality "1"]

1. c4 c6 2. b4 d5 3. e3 Bf5 4. Bb2 e6 5. Nf3 Nf6 6. a3 Bd6 7. cxd5 exd5 8. Be2 O-O 9. O-O Nbd7 10. Nd4 Bg6 11. f4 h6 12. Nc3 a5 13. bxa5 Rxa5 14. Nb3 Ra8 15. a4 Nb6 16. f5 Bh7 17. d3 Re8 18. a5 Nbd7 19. e4 Qc7 20. exd5 Bxh2+ 21. Kh1 cxd5 22. Nb5 Qb8 23. Ra4 Be5 24. Bc1 Qd8 25. Bf4 Qe7 26. Bxe5 Qxe5 27. N3d4 Nb8 28. Qa1 Nc6 29. Ra2 Ne7 30. Bd1 Qg3 31. Raf2 Nc6 32. Qc3 Ne5 33. Qc7 Rac8 34. Qd6 Rcd8 35. Qc7 Rd7 36. Rf3 Qg5 37. Qc5 Nxf3 38. Bxf3 Qe3 0-1

[Event "Guernsey Open 14th"]
[Site "Guernsey"]
[Date "1988.10.17"]
[Round "2"]
[White "Llapasset, Jean-Louis"]
[Black "Wells, Peter K"]
[Result "0-1"]
[WhiteElo "2090"]
[BlackElo "2410"]
[PlyCount "68"]
[EventDate "1988.10.16"]
[EventType "swiss"]
[EventRounds "7"]
[EventCountry "GCI"]
[SourceTitle "BritBase"]
[Source "John Saunders"]
[SourceDate "2025.07.03"]
[SourceVersion "1"]
[SourceVersionDate "2025.07.03"]
[SourceQuality "1"]

1. e4 c6 2. d4 d5 3. e5 Bf5 4. Nc3 h5 5. Nf3 e6 6. Bd3 Bxd3 7. Qxd3 Nh6 8. Bg5 Qb6 9. O-O Nf5 10. a3 Qa6 11. Qd2 Nd7 12. Rfe1 Rc8 13. Qf4 Qc4 14. Rac1 c5 15. Ne2 cxd4 16. Nexd4 Nxd4 17. Nxd4 Bc5 18. c3 O-O 19. Rcd1 Qa2 20. Bh6 Rfe8 21. Qg5 g6 22. Re3 Qxb2 23. Rf3 Bf8 24. Rh3 Rxc3 25. Nf3 Rec8 26. g4 Nf6 27. exf6 Rc1 28. Rxc1 Qxc1+ 29. Kg2 Qxg5 30. Nxg5 Bxh6 31. f4 Rc2+ 32. Kf1 Rc4 33. Rf3 hxg4 34. Rf2 e5 0-1

[Event "Guernsey Open 14th"]
[Site "Guernsey"]
[Date "1988.10.17"]
[Round "2"]
[White "Martin, Andrew D"]
[Black "Ippel, Cornelius J"]
[Result "1-0"]
[WhiteElo "2430"]
[BlackElo "1850"]
[PlyCount "79"]
[EventDate "1988.10.16"]
[EventType "swiss"]
[EventRounds "7"]
[EventCountry "GCI"]
[SourceTitle "BritBase"]
[Source "John Saunders"]
[SourceDate "2025.07.03"]
[SourceVersion "1"]
[SourceVersionDate "2025.07.03"]
[SourceQuality "1"]

1. c4 e5 2. Nc3 Nf6 3. g3 d5 4. cxd5 Nxd5 5. Bg2 Nxc3 6. bxc3 Bd6 7. Rb1 c6 8. Nf3 O-O 9. O-O Qc7 10. Qc2 g6 11. d4 Re8 12. e4 Nd7 13. Ng5 Be7 14. Qb3 Bxg5 15. Bxg5 b6 16. f4 exd4 17. cxd4 Nf8 18. f5 gxf5 19. exf5 Re2 20. Qf3 Rxg2+ 21. Qxg2 Qd6 22. Qe4 f6 23. Bh6 Bd7 24. Rf4 Re8 25. Qf3 c5 26. Rg4+ Ng6 27. fxg6 Bxg4 28. Qxg4 Qxd4+ 29. Qxd4 cxd4 30. g7 Kf7 31. Rd1 Kg6 32. Bf4 Kxg7 33. Rxd4 Re7 34. Kf2 b5 35. Rd5 Rb7 36. Rc5 Kg6 37. Rc7 Rb6 38. Rxa7 Rc6 39. Rd7 Ra6 40. Rd2 1-0

[Event "Guernsey Open 14th"]
[Site "Guernsey"]
[Date "1988.10.17"]
[Round "2"]
[White "Ruston, Mark R"]
[Black "Le Blancq, Simon Charles"]
[Result "1/2-1/2"]
[WhiteElo "1960"]
[BlackElo "2280"]
[PlyCount "49"]
[EventDate "1988.10.16"]
[EventType "swiss"]
[EventRounds "7"]
[EventCountry "GCI"]
[SourceTitle "BritBase"]
[Source "John Saunders"]
[SourceDate "2025.07.03"]
[SourceVersion "1"]
[SourceVersionDate "2025.07.03"]
[SourceQuality "1"]

1. e4 e6 2. d4 d5 3. Nd2 Nf6 4. e5 Nfd7 5. c3 b6 6. Bd3 Ba6 7. Bb1 c5 8. f4 Nc6 9. Ndf3 Qc7 10. Be3 Be7 11. Nh3 f6 12. f5 cxd4 13. cxd4 fxe5 14. fxe6 Nf6 15. dxe5 Ng4 16. Bf4 O-O-O 17. a3 h6 18. Bd3 Bxd3 19. Qxd3 g5 20. Bg3 Ncxe5 21. Nxe5 Nxe5 22. Qe3 Nc4 23. Bxc7 Nxe3 24. Bxd8 Kxd8 25. Ke2 1/2-1/2

[Event "Guernsey Open 14th"]
[Site "Guernsey"]
[Date "1988.10.17"]
[Round "2"]
[White "Van Gijsel, A"]
[Black "Becx, Cesar"]
[Result "0-1"]
[WhiteElo "1850"]
[BlackElo "2295"]
[PlyCount "32"]
[EventDate "1988.10.16"]
[EventType "swiss"]
[EventRounds "7"]
[EventCountry "GCI"]
[SourceTitle "BritBase"]
[Source "John Saunders"]
[SourceDate "2025.07.03"]
[SourceVersion "1"]
[SourceVersionDate "2025.07.03"]
[SourceQuality "1"]

1. e4 e5 2. Nf3 Nc6 3. Bc4 Nf6 4. Ng5 d5 5. exd5 Nd4 6. c3 b5 7. cxd4 bxc4 8. dxe5 Nxd5 9. Qa4+ Bd7 10. Qxc4 Qxg5 11. Qxd5 Rd8 12. O-O Qg6 13. Qf3 Bc6 14. Qh3 Bc5 15. d4 Rxd4 16. Bf4 O-O 0-1

[Event "Guernsey Open 14th"]
[Site "Guernsey"]
[Date "1988.10.17"]
[Round "2"]
[White "Werbeck, Torsten"]
[Black "Daamen, Ferry"]
[Result "1-0"]
[WhiteElo "2200"]
[BlackElo "1850"]
[PlyCount "81"]
[EventDate "1988.10.16"]
[EventType "swiss"]
[EventRounds "7"]
[EventCountry "GCI"]
[SourceTitle "BritBase"]
[Source "John Saunders"]
[SourceDate "2025.07.03"]
[SourceVersion "1"]
[SourceVersionDate "2025.07.03"]
[SourceQuality "1"]

1. d4 Nf6 2. c4 g6 3. Nc3 d5 4. cxd5 Nxd5 5. e4 Nxc3 6. bxc3 Bg7 7. Bc4 c5 8. Ne2 Nc6 9. Be3 O-O 10. O-O cxd4 11. cxd4 Bg4 12. f3 Na5 13. Bxf7+ Rxf7 14. fxg4 Rxf1+ 15. Kxf1 Qd6 16. Kg1 Rd8 17. Qd3 Qe6 18. h3 Qc4 19. Qxc4+ Nxc4 20. Bf2 Nd2 21. e5 Bh6 22. h4 Ne4 23. g5 Nxf2 24. Kxf2 Bg7 25. Rc1 e6 26. Rc7 Rf8+ 27. Ke3 Rf7 28. Rc8+ Rf8 29. Rc1 Rf7 30. Nf4 Re7 31. Nd3 Kf7 32. Rc8 Bf8 33. Nc5 b6 34. Ne4 Rb7 35. Nd6+ Bxd6 36. exd6 Rd7 37. Rc6 b5 38. Ke4 b4 39. Ke5 a5 40. Rc7 Ke8 41. Kxe6 {Source: ResearchDb (Canada). Contributed by Paul Brown, 9 August 2025.} 1-0

[Event "Guernsey Open 14th"]
[Site "Guernsey"]
[Date "1988.10.17"]
[Round "2"]
[White "Wessels, Cornelis"]
[Black "Whipp, Edwin J"]
[Result "0-1"]
[WhiteElo "1934"]
[BlackElo "2176"]
[PlyCount "70"]
[EventDate "1988.10.16"]
[EventType "swiss"]
[EventRounds "7"]
[EventCountry "GCI"]
[SourceTitle "BritBase"]
[Source "John Saunders"]
[SourceDate "2025.07.03"]
[SourceVersion "1"]
[SourceVersionDate "2025.07.03"]
[SourceQuality "1"]

1. e4 e6 2. d4 d5 3. e5 c5 4. c3 Nc6 5. Nf3 Bd7 6. Be2 cxd4 7. cxd4 Qb6 8. a3 Rc8 9. b4 Nge7 10. O-O Nf5 11. Be3 Be7 12. Ra2 O-O 13. g4 Nxe3 14. fxe3 f6 15. exf6 Bxf6 16. g5 Be7 17. Bd3 e5 18. b5 e4 19. bxc6 Bxc6 20. Ne5 exd3 21. g6 hxg6 22. Raf2 Rxf2 23. Rxf2 Be8 24. Nd2 Bxa3 25. Qg4 Rc1+ 26. Kg2 Be7 27. Qf3 Qe6 28. Qg4 Qa6 29. Qf3 Qb5 30. Qg4 Qa6 31. Qf3 Qd6 32. Nxd3 Rc2 33. Ne5 Bh4 34. Ndc4 Rxf2+ 35. Qxf2 Qd8 0-1

[Event "Guernsey Open 14th"]
[Site "Guernsey"]
[Date "1988.10.18"]
[Round "3"]
[White "Becx, Cesar"]
[Black "Borland, Thomas E"]
[Result "1-0"]
[WhiteElo "2295"]
[BlackElo "1790"]
[PlyCount "73"]
[EventDate "1988.10.16"]
[EventType "swiss"]
[EventRounds "7"]
[EventCountry "GCI"]
[SourceTitle "BritBase"]
[Source "John Saunders"]
[SourceDate "2025.07.03"]
[SourceVersion "1"]
[SourceVersionDate "2025.07.03"]
[SourceQuality "1"]

1. f4 d5 2. Nf3 Nf6 3. g3 c6 4. Bg2 Bg4 5. d3 Nbd7 6. Nc3 Bxf3 7. Bxf3 e5 8. e4 Bb4 9. O-O d4 10. Ne2 Qb6 11. Kh1 O-O-O 12. Rb1 Bd6 13. Bd2 h5 14. h3 Nf8 15. Qe1 Qc7 16. Bg2 Ng6 17. c3 Bc5 18. b4 dxc3 19. bxc5 cxd2 20. Qxd2 Rhe8 21. f5 Ne7 22. Rb3 Rd7 23. Rfb1 Kb8 24. Qc3 Nc8 25. Bf3 Ree7 26. Kg2 Qd8 27. Rd1 g5 28. g4 h4 29. Qd2 Qg8 30. Rb4 a6 31. a4 Ka8 32. Rdb1 Nh7 33. d4 Nf6 34. d5 cxd5 35. c6 bxc6 36. Rb8+ Ka7 37. Qb4 1-0

[Event "Guernsey Open 14th"]
[Site "Guernsey"]
[Date "1988.10.18"]
[Round "3"]
[White "Cooper, David M"]
[Black "Lindner, Jan Joost"]
[Result "1-0"]
[WhiteElo "1904"]
[BlackElo "2267"]
[PlyCount "83"]
[EventDate "1988.10.16"]
[EventType "swiss"]
[EventRounds "7"]
[EventCountry "GCI"]
[SourceTitle "BritBase"]
[Source "John Saunders"]
[SourceDate "2025.07.03"]
[SourceVersion "1"]
[SourceVersionDate "2025.07.03"]
[SourceQuality "1"]

1. c4 e5 2. g3 Nc6 3. Bg2 f5 4. Nc3 Nf6 5. e3 Be7 6. Nge2 O-O 7. d4 d6 8. O-O Qe8 9. Nd5 Bd8 10. a3 Ne7 11. b4 Nexd5 12. cxd5 e4 13. Qb3 a5 14. Bd2 a4 15. Qc4 b5 16. Qa2 Qf7 17. f3 Re8 18. Nc3 Qg6 19. fxe4 fxe4 20. Rf4 Rb8 21. Raf1 Bb7 22. Nxe4 Nh5 23. R4f2 h6 24. Nc3 Nf6 25. Qb1 Qxb1 26. Rxb1 Ng4 27. Rf3 Bg5 28. Re1 h5 29. h3 Nf6 30. Rf2 Re7 31. Ree2 Nd7 32. Rf5 Bh6 33. Rxh5 Rbe8 34. e4 Nf6 35. Rf5 Bc8 36. Rff2 Kh7 37. Bxh6 Kxh6 38. g4 Kg5 39. Re3 Bd7 40. Rfe2 c6 41. dxc6 Bxc6 42. e5 {n.b. Mega 2022 interpreted these games as being played by Debbie M Evans (whose surname was Cooper at the time) - this is not yet established. The Guernsey Festival records the games played by a male D M Cooper.} 1-0

[Event "Guernsey Open 14th"]
[Site "Guernsey"]
[Date "1988.10.18"]
[Round "3"]
[White "Cullip, Stephen J"]
[Black "Raijmaekers, Kees"]
[Result "1-0"]
[WhiteElo "2088"]
[BlackElo "1800"]
[PlyCount "45"]
[EventDate "1988.10.16"]
[EventType "swiss"]
[EventRounds "7"]
[EventCountry "GCI"]
[SourceTitle "BritBase"]
[Source "John Saunders"]
[SourceDate "2025.07.03"]
[SourceVersion "1"]
[SourceVersionDate "2025.07.03"]
[SourceQuality "1"]

1. e4 c5 2. Nf3 e6 3. d4 cxd4 4. Nxd4 a6 5. Bd3 Qc7 6. O-O Nc6 7. Nxc6 bxc6 8. f4 d5 9. Nd2 Bc5+ 10. Kh1 h5 11. Qe2 Nf6 12. c4 Kf8 13. Nb3 Ba7 14. e5 Ng4 15. c5 Qe7 16. Be3 Nxe3 17. Qxe3 a5 18. Rac1 a4 19. Nd4 Qc7 20. f5 exf5 21. Bxf5 Bb8 22. Qg5 Ra7 23. Nxc6 1-0

[Event "Guernsey Open 14th"]
[Site "Guernsey"]
[Date "1988.10.18"]
[Round "3"]
[White "Daamen, Ferry"]
[Black "Jansen, Andrea"]
[Result "1/2-1/2"]
[WhiteElo "1850"]
[BlackElo "1900"]
[PlyCount "87"]
[EventDate "1988.10.16"]
[EventType "swiss"]
[EventRounds "7"]
[EventCountry "GCI"]
[SourceTitle "BritBase"]
[Source "John Saunders"]
[SourceDate "2025.07.03"]
[SourceVersion "1"]
[SourceVersionDate "2025.07.03"]
[SourceQuality "1"]

1. e4 e6 2. d4 d5 3. Nd2 dxe4 4. Nxe4 Bd7 5. Nf3 Bc6 6. Bd3 Be7 7. O-O Nd7 8. c3 Ngf6 9. Ng3 Nf8 10. Ne5 Qd5 11. Nxc6 Qxc6 12. Qe2 a6 13. Bd2 Ng6 14. Rfe1 O-O 15. Bg5 Qd7 16. Qc2 Rfd8 17. Rad1 Nf8 18. Rd2 h6 19. Bxf6 Bxf6 20. Ne4 Qe7 21. f4 g6 22. Rf2 Bg7 23. Kh1 Nd7 24. Nd2 Qf6 25. Be4 Rab8 26. Nc4 c5 27. d5 exd5 28. Bxd5 b5 29. Ne5 Nxe5 30. fxe5 Qxf2 31. Qxf2 Rxd5 32. e6 fxe6 33. Qg3 Rf8 34. Qxg6 Rf6 35. Qe8+ Kh7 36. h3 Rd2 37. Rxe6 Rxe6 38. Qxe6 Rxb2 39. g4 c4 40. Qxa6 Bxc3 41. a4 Bg7 42. axb5 c3 43. Qe6 c2 44. Qe4+ {Source: ResearchDb (Canada). Contributed by Paul Brown, 9 August 2025.} 1/2-1/2

[Event "Guernsey Open 14th"]
[Site "Guernsey"]
[Date "1988.10.18"]
[Round "3"]
[White "Davies, Peter L"]
[Black "De Ruiter, Ton"]
[Result "0-1"]
[WhiteElo "1795"]
[BlackElo "2133"]
[PlyCount "84"]
[EventDate "1988.10.16"]
[EventType "swiss"]
[EventRounds "7"]
[EventCountry "GCI"]
[SourceTitle "BritBase"]
[Source "John Saunders"]
[SourceDate "2025.07.03"]
[SourceVersion "1"]
[SourceVersionDate "2025.07.03"]
[SourceQuality "1"]

1. e4 c5 2. Nf3 d6 3. d4 cxd4 4. Nxd4 Nf6 5. Nc3 a6 6. Bg5 e6 7. f4 Be7 8. Qf3 h6 9. Bh4 g5 10. fxg5 Nfd7 11. Nxe6 fxe6 12. Qh5+ Kf8 13. Bb5 Ne5 14. Bg3 Rh7 15. Bxe5 dxe5 16. Rf1+ Kg8 17. Rd1 Nd7 18. Qg6+ Kh8 19. Bxd7 Bxd7 20. gxh6 Qe8 21. Qg3 Qh5 22. Qe3 Bc6 23. Ne2 Qxh6 24. Qc3 Qxh2 25. g3 Qh5 26. Nf4 Bb4 27. Qxb4 exf4 28. Rxf4 Qh1+ 29. Kd2 Rh2+ 30. Ke3 Qxd1 31. Rf8+ Rxf8 32. Qxf8+ Kh7 33. Qf7+ Kh8 34. Qf8+ Kh7 35. Qf7+ Kh6 36. Qxe6+ Kg7 37. Qe7+ Kg8 38. Qe6+ Kf8 39. Qc8+ Ke7 40. Qc7+ Qd7 41. Qe5+ Kf7 42. Qf4+ Kg6 0-1

[Event "Guernsey Open 14th"]
[Site "Guernsey"]
[Date "1988.10.18"]
[Round "3"]
[White "De Kruif, Kees"]
[Black "De Rooi, Paul"]
[Result "0-1"]
[WhiteElo "1792"]
[BlackElo "2100"]
[PlyCount "62"]
[EventDate "1988.10.16"]
[EventType "swiss"]
[EventRounds "7"]
[EventCountry "GCI"]
[SourceTitle "BritBase"]
[Source "John Saunders"]
[SourceDate "2025.07.03"]
[SourceVersion "1"]
[SourceVersionDate "2025.07.03"]
[SourceQuality "1"]

1. a3 e5 2. c4 Nf6 3. d3 d5 4. cxd5 Nxd5 5. Nf3 Bd6 6. b4 O-O 7. Bb2 Re8 8. e3 Bg4 9. Be2 Nd7 10. Nbd2 c6 11. O-O Bc7 12. Qb3 N7f6 13. Rfd1 Qe7 14. Qc2 Bh5 15. Nc4 e4 16. dxe4 Nxe4 17. Ncd2 Nxf2 18. Re1 Qxe3 19. Bd4 Nh3+ 20. Kh1 Qf4 21. gxh3 Rxe2 22. Rxe2 Bxf3+ 23. Nxf3 Qxf3+ 24. Kg1 Nf4 25. Rg2 Nxh3+ 26. Kh1 Nf4 27. Rag1 Nxg2 28. Rxg2 Re8 29. Qd2 Bf4 30. Qb2 Re1+ 31. Bg1 Rxg1+ 0-1

[Event "Guernsey Open 14th"]
[Site "Guernsey"]
[Date "1988.10.18"]
[Round "3"]
[White "Jacobs, Byron A"]
[Black "Hebden, Mark L"]
[Result "1-0"]
[WhiteElo "2320"]
[BlackElo "2475"]
[PlyCount "95"]
[EventDate "1988.10.16"]
[EventType "swiss"]
[EventRounds "7"]
[EventCountry "GCI"]
[SourceTitle "BritBase"]
[Source "John Saunders"]
[SourceDate "2025.07.03"]
[SourceVersion "1"]
[SourceVersionDate "2025.07.03"]
[SourceQuality "1"]

1. e4 e5 2. Nf3 Nc6 3. Bb5 a6 4. Ba4 Nf6 5. O-O Be7 6. Re1 b5 7. Bb3 O-O 8. d4 d6 9. c3 Bg4 10. Be3 exd4 11. cxd4 d5 12. e5 Ne4 13. h3 Bh5 14. Nc3 Nxc3 15. bxc3 Na5 16. Bc2 Bg6 17. e6 Bxc2 18. exf7+ Rxf7 19. Qxc2 Nc4 20. Re2 Qd7 21. Rae1 Rxf3 22. gxf3 Qxh3 23. Bf4 Bd6 24. Re8+ Rxe8 25. Rxe8+ Kf7 26. Bxd6 Nxd6 27. Re5 g6 28. Qe2 Nf5 29. Re8 Qh4 30. Qe6+ Kg7 31. Qe5+ Kf7 32. Qe6+ Kg7 33. Qe5+ Kf7 34. Rc8 Qg5+ 35. Kf1 Qc1+ 36. Qe1 Qf4 37. Qe8+ Kf6 38. Qe5+ Qxe5 39. dxe5+ Kxe5 40. Rxc7 d4 41. cxd4+ Nxd4 42. Rxh7 a5 43. Rg7 Nxf3 44. Rxg6 Nd4 45. Ke1 a4 46. Kd2 b4 47. Ra6 a3 48. Kd3 1-0

[Event "Guernsey Open 14th"]
[Site "Guernsey"]
[Date "1988.10.18"]
[Round "3"]
[White "Kuijf, Marinus"]
[Black "Ballon, Guenther Jan"]
[Result "1/2-1/2"]
[WhiteElo "2450"]
[BlackElo "2330"]
[PlyCount "54"]
[EventDate "1988.10.16"]
[EventType "swiss"]
[EventRounds "7"]
[EventCountry "GCI"]
[SourceTitle "BritBase"]
[Source "John Saunders"]
[SourceDate "2025.07.03"]
[SourceVersion "1"]
[SourceVersionDate "2025.07.03"]
[SourceQuality "1"]

1. e4 e5 2. Nf3 Nc6 3. Bc4 Bc5 4. O-O Nf6 5. d3 d6 6. c3 O-O 7. Nbd2 a6 8. Bb3 h6 9. Re1 Re8 10. Nf1 Ba7 11. Ng3 Be6 12. Bxe6 Rxe6 13. Nh4 d5 14. Qe2 dxe4 15. dxe4 Qd7 16. Rd1 Rd6 17. Rxd6 Qxd6 18. Nhf5 Qe6 19. Be3 Bxe3 20. Qxe3 Rd8 21. h3 Ne7 22. Nxe7+ Qxe7 23. Nf5 Qe6 24. Re1 Kh7 25. a3 b6 26. Re2 a5 27. Kh2 Rd1 1/2-1/2

[Event "Guernsey Open 14th"]
[Site "Guernsey"]
[Date "1988.10.18"]
[Round "3"]
[White "Rayner, Francis"]
[Black "Van Gijsel, A"]
[Result "1-0"]
[WhiteElo "2144"]
[BlackElo "1850"]
[PlyCount "39"]
[EventDate "1988.10.16"]
[EventType "swiss"]
[EventRounds "7"]
[EventCountry "GCI"]
[SourceTitle "BritBase"]
[Source "John Saunders"]
[SourceDate "2025.07.03"]
[SourceVersion "1"]
[SourceVersionDate "2025.07.03"]
[SourceQuality "1"]

1. e4 e6 2. d4 d5 3. Nc3 Nf6 4. e5 Nfd7 5. f4 c5 6. Nf3 Nc6 7. Be3 cxd4 8. Nxd4 Nxd4 9. Bxd4 a6 10. g3 Bc5 11. Bxc5 Nxc5 12. Qd4 Nd7 13. Bh3 Nb6 14. b3 Bd7 15. O-O g6 16. f5 gxf5 17. Bxf5 exf5 18. e6 Ke7 19. exd7 Kxd7 20. Rxf5 1-0

[Event "Guernsey Open 14th"]
[Site "Guernsey"]
[Date "1988.10.18"]
[Round "3"]
[White "Rowe, Peter"]
[Black "Escher, Johan GB"]
[Result "1-0"]
[WhiteElo "1920"]
[BlackElo "1650"]
[PlyCount "93"]
[EventDate "1988.10.16"]
[EventType "swiss"]
[EventRounds "7"]
[EventCountry "GCI"]
[SourceTitle "BritBase"]
[Source "John Saunders"]
[SourceDate "2025.07.03"]
[SourceVersion "1"]
[SourceVersionDate "2025.07.03"]
[SourceQuality "1"]

1. e4 e6 2. c4 Nc6 3. Nf3 d5 4. cxd5 exd5 5. exd5 Qxd5 6. Nc3 Qa5 7. Bc4 Nf6 8. O-O Be7 9. d4 O-O 10. Qb3 Qh5 11. Re1 Bd6 12. Qb5 Qxb5 13. Nxb5 Nb4 14. Nxd6 cxd6 15. Bb3 Bg4 16. Bd2 Nc6 17. Bc3 Bxf3 18. gxf3 d5 19. Re3 Rfe8 20. Rae1 Rxe3 21. fxe3 Rd8 22. Kf2 g5 23. Rg1 h6 24. h4 Nh7 25. Bc2 f6 26. f4 Rd7 27. fxg5 fxg5 28. Bxh7+ Kxh7 29. hxg5 Rf7+ 30. Ke2 Rg7 31. e4 hxg5 32. exd5 Ne7 33. d6 Nf5 34. d5 Rd7 35. Rxg5 Nxd6 36. Rg3 Ne4 37. Rd3 Kg6 38. Ke3 Kf5 39. Rd1 Nxc3 40. bxc3 Re7+ 41. Kd4 Re4+ 42. Kc5 b6+ 43. Kb5 Ke5 44. d6 Rg4 45. d7 a6+ 46. Kxa6 Ra4+ 47. Kb7 1-0

[Event "Guernsey Open 14th"]
[Site "Guernsey"]
[Date "1988.10.18"]
[Round "3"]
[White "Stroede, Reinhard"]
[Black "Bellin, Robert"]
[Result "0-1"]
[WhiteElo "1920"]
[BlackElo "2370"]
[PlyCount "102"]
[EventDate "1988.10.16"]
[EventType "swiss"]
[EventRounds "7"]
[EventCountry "GCI"]
[SourceTitle "BritBase"]
[Source "John Saunders"]
[SourceDate "2025.07.03"]
[SourceVersion "1"]
[SourceVersionDate "2025.07.03"]
[SourceQuality "1"]

1. c4 f5 2. Nc3 Nf6 3. d4 e6 4. g3 Be7 5. Bg2 O-O 6. Nf3 Ne4 7. Qc2 d5 8. O-O c6 9. Ne5 Nd7 10. Nxd7 Bxd7 11. f3 Nd6 12. c5 Nf7 13. e4 b6 14. cxb6 axb6 15. a3 Qc8 16. Be3 Re8 17. Rac1 Qb7 18. e5 c5 19. f4 Rec8 20. Qe2 Bc6 21. g4 Nh6 22. h3 Qd7 23. g5 Nf7 24. Rfd1 Nd8 25. Kh2 Nb7 26. Bf1 Na5 27. Qc2 Qb7 28. b3 cxd4 29. Bxd4 Bxa3 30. Rb1 Bb4 31. Na2 Be7 32. Qf2 b5 33. Rdc1 Qd7 34. Qe3 b4 35. Rc2 Bb5 36. Rxc8+ Rxc8 37. Bxb5 Qxb5 38. Rc1 Ra8 39. Rc2 Nc6 40. Nc1 Nxd4 41. Qxd4 Bd8 42. Qc5 Qxc5 43. Rxc5 Kf7 44. Rb5 Rc8 45. Nd3 Rc3 46. Nc5 Be7 47. Nb7 Rxb3 48. Nd6+ Bxd6 49. exd6 Ke8 50. Rb7 g6 51. Rxh7 d4 0-1

[Event "Guernsey Open 14th"]
[Site "Guernsey"]
[Date "1988.10.18"]
[Round "3"]
[White "Thurlow, Kevin J"]
[Black "Foulkes, Stan"]
[Result "0-1"]
[WhiteElo "2048"]
[BlackElo "1800"]
[PlyCount "98"]
[EventDate "1988.10.16"]
[EventType "swiss"]
[EventRounds "7"]
[EventCountry "GCI"]
[SourceTitle "BritBase"]
[Source "John Saunders"]
[SourceDate "2025.07.03"]
[SourceVersion "1"]
[SourceVersionDate "2025.07.03"]
[SourceQuality "1"]

1. c4 Nf6 2. Nc3 e6 3. e4 e5 4. Nf3 Nc6 5. Be2 Bc5 6. O-O d6 7. a3 a5 8. d3 h6 9. h3 Be6 10. Nd5 Bxd5 11. cxd5 Nd4 12. Be3 Nxf3+ 13. Bxf3 Bxe3 14. fxe3 O-O 15. Rc1 Rc8 16. Qa4 b6 17. Rc6 Re8 18. Rfc1 Nd7 19. Qc2 Qg5 20. Qe2 Nc5 21. Bg4 Ra8 22. Rxc7 Qd8 23. Rc6 a4 24. Bf3 g6 25. d4 exd4 26. exd4 Nb3 27. Rd1 Na5 28. Rc3 Qd7 29. e5 Ra7 30. Re3 Qe7 31. Qb5 Rc8 32. Rde1 Nc4 33. R3e2 Qh4 34. Bg4 Rcc7 35. Rf1 h5 36. exd6 Nxd6 37. Qxb6 Qd8 38. Bf3 Rab7 39. Qa6 Ra7 40. Qd3 Qh4 41. Re5 Rc4 42. Re4 Nxe4 43. Qxc4 Nd2 44. Qc5 Re7 45. d6 Re1 46. Rxe1 Qxe1+ 47. Kh2 Nf1+ 48. Kg1 Ng3+ 49. Kh2 h4 {Source: Kevin J Thurlow} 0-1

[Event "Guernsey Open 14th"]
[Site "Guernsey"]
[Date "1988.10.18"]
[Round "3"]
[White "Wells, Peter K"]
[Black "Happel, Hendrik A"]
[Result "1-0"]
[WhiteElo "2410"]
[BlackElo "2310"]
[PlyCount "51"]
[EventDate "1988.10.16"]
[EventType "swiss"]
[EventRounds "7"]
[EventCountry "GCI"]
[SourceTitle "BritBase"]
[Source "John Saunders"]
[SourceDate "2025.07.03"]
[SourceVersion "1"]
[SourceVersionDate "2025.07.03"]
[SourceQuality "1"]

1. d4 Nf6 2. Nf3 e6 3. c4 b6 4. Nc3 Bb4 5. Bg5 Bb7 6. e3 h6 7. Bh4 g5 8. Bg3 Nh5 9. Be5 f6 10. Bd3 Ng7 11. Bg3 h5 12. h3 h4 13. Bh2 Bxc3+ 14. bxc3 d6 15. d5 e5 16. Bg6+ Ke7 17. O-O Nd7 18. Nd2 f5 19. e4 f4 20. Qg4 Kf6 21. Bf5 Nf8 22. g3 Rh5 23. gxf4 gxf4 24. Kh1 Bc8 25. Rg1 Rh7 26. Qg5+ 1-0

[Event "Guernsey Open 14th"]
[Site "Guernsey"]
[Date "1988.10.18"]
[Round "3"]
[White "Whipp, Edwin J"]
[Black "Selim"]
[Result "1-0"]
[WhiteElo "2176"]
[BlackElo "1816"]
[PlyCount "43"]
[EventDate "1988.10.16"]
[EventType "swiss"]
[EventRounds "7"]
[EventCountry "GCI"]
[SourceTitle "BritBase"]
[Source "John Saunders"]
[SourceDate "2025.07.03"]
[SourceVersion "1"]
[SourceVersionDate "2025.07.03"]
[SourceQuality "1"]

1. d4 Nf6 2. c4 e6 3. Nf3 b6 4. a3 Bb7 5. Nc3 d5 6. cxd5 Nxd5 7. e3 Nd7 8. Bd3 Be7 9. O-O O-O 10. e4 N5f6 11. Qe2 c5 12. d5 exd5 13. e5 Ne8 14. e6 fxe6 15. Qxe6+ Kh8 16. Re1 Bf6 17. Qh3 Bh4 18. Nxh4 Kg8 19. Bxh7+ Kxh7 20. Nf5+ Kg8 21. Ne7+ Kf7 22. Qe6# 1-0